000 00334nam a22001577a 4500
003 SGT
020 _a9788180388590
082 _a346.30954,RAN
100 _aRANCHHODDAS,R
245 _aTHE LAW OF TORTS
250 _a26TH
260 _aGURGAON
_bLEXIS NEXIS
_c2013
300 _a899
650 _a LAW OF TORTS
942 _2ddc
_cBK
_011
999 _c9645
_d9645